| 000 | 00592nam a2200205 i 4500 | ||
|---|---|---|---|
| 001 | 149863 | ||
| 003 | ES-MaACL | ||
| 005 | 20250808062537.0 | ||
| 007 | t| | ||
| 008 | 071024s1952 sp ||||1| spa d | ||
| 100 | 1 |
_aVan der Meersch, Maxence. _9113032 |
|
| 245 | 1 | 0 |
_aSanta Teresita de Lisieux / _cMaxence Van der Meersch ; traducción de María Bages. |
| 260 |
_aBarcelona : _bApolo, _c[1952] |
||
| 300 |
_a250 p. ; _c15 cm. |
||
| 490 | 1 | _aPrisma | |
| 700 | 1 |
_aBagés, María. _924631 |
|
| 830 | 0 | 0 |
_aPrisma _9180749 |
| 852 |
_aES-MaACL _jD-8546 _bR.32740 |
||
| 999 |
_c149863 _d149863 |
||